Wirtschaftskrise und ihre Widerspiegelung in der Fachsprache diplomová práca

Salvato in:
Dettagli Bibliografici
Autore principale: Michalov, Peter
Ente Autore: Fakulta aplikovaných jazykov EU v Bratislave. Katedra jazykovedy a translatológie
Altri autori: Lišková, Danuša
Natura: Libro
Lingua:tedesco
Pubblicazione: Bratislava 2018
Tags: Aggiungi Tag
Nessun Tag, puoi essere il primo ad aggiungerne!!

MARC

LEADER 00000nbm a2200000 4500
001 0244057
005 20181011145258.0
041 0 |a ger 
044 |a SK 
245 1 0 |a Wirtschaftskrise und ihre Widerspiegelung in der Fachsprache  |b diplomová práca  |c Peter Michalov ; školiteľ: Danuša Lišková 
264 1 |a Bratislava  |c 2018 
300 |a 72 s. 
100 1 |a Michalov, Peter 
700 1 |a Lišková, Danuša 
710 2 |a Fakulta aplikovaných jazykov EU v Bratislave. Katedra jazykovedy a translatológie